| 000 | 00980nam a2200289 c 4500 | ||
|---|---|---|---|
| 999 |
_c343900 _d343900 |
||
| 003 | BLK | ||
| 005 | 20191002111045.0 | ||
| 008 | 180911b bul|||||r ||||||| ||bul|| | ||
| 010 | _a003561 | ||
| 040 | _aBLK | ||
| 041 |
_aDEU _cBUL |
||
| 080 |
_aКопитар, Йерней _x92 _z808.63(092)92 |
||
| 100 | 1 |
_aVASMER, Max _eпърви автор _9398005 |
|
| 245 | 0 | 0 | _aB. Kopitars Briefwechsel mit Jakob Grimm |
| 260 |
_aBerlin _bAkademie der Wissenschaften _c1938 |
||
| 300 |
_aXXXVIII, 218 с., 1 л _bфакс. _c27 см |
||
| 380 | _a80 | ||
| 490 |
_aЧастна колекция - Академик Михаил Арнаудов _gДарение - Основен фонд |
||
| 500 | _aМихаил Арнаудов: негови-книга. - Подчертавания в текста | ||
| 520 | _a | ||
| 650 |
_aБиографии _9148657 |
||
| 650 |
_aЕзици _9396454 |
||
| 655 |
_aЕзикознание _9396452 |
||
| 700 | 1 |
_aMax Vasmer _9398006 |
|
| 852 | _aМА 1253 | ||
| 942 |
_cKNG _n0 _s1 |
||
| 944 |
_aCR _c1996 _kValK |
||
| 999 | _d343900 | ||